000 00903nam a2200229Ia 4500
001 15527
003 GE_BSU
008 181216s||||||||xx |||||||||||||| ||und||
040 _cGE_BSU
080 _a821.353.1-32+821.353.1-4
100 _aჩიქოვანი,გრიგოლ
245 _aცაცხვის ქვეშ
245 _bმოთხრობები.ნარკვევები
245 _cწინას.ავტ. ლავროსი კალანდაძე. რედ. ბ.მირცხულავა. მხატვ.ირ. ჯანაშვილი
260 _aთბილისი
260 _bსაბჭოთა საქართველო
260 _c1962
300 _a500გვ.22სმ.
653 _aმოთხრობები.ნარკვევები
653 _aცაცხვის ქვეშ
942 _cBK
999 _c48627
_d48627